Statystyki dla Zgadnij europejskie państwo wpisując jego najdroższego piłkarza

Kliknij tutaj aby rozwiązać quiz!

Ogólne statystyki

  • Ten quiz został rozwiązany 32 razy
  • Średni wynik to 16 z 43

Odpowiedzi na mapie

Odpowiedzi skodowane kolorowo w zielono-czerwonej skali na mapie do tego quizu, zgodnie z poniższymi procentami.
 

Statystyki odpowiedzi

PaństwoWartośćPiłkarz% Poprawnych
Francja180mln €Mbappé
96%
Norwegia180mln €Haaland
93%
Wielka
Brytania
120mln €Bellingham | Saka
89%
Hiszpania100mln €Pedri
89%
Polska35mln €Zielinski
89%
Belgia70mln €Kevin De Bruyne
85%
Niemcy110mln €Musiala
81%
Szwecja70mln €Isak
74%
Austria40mln €Alaba
67%
Holandia75mln €de Ligt | de Jong
67%
Portugalia90mln €Leão
63%
Chorwacja75mln €Gvardiol
59%
Węgry50mln €Szoboszlai
59%
Włochy75mln €Barella
56%
Ukraina50mln €Mudryk
56%
Slowenia35mln €Oblak
56%
Slowacja50mln €Skriniar
48%
Serbia70mln €Vlahovic
48%
Czechy35mln €Soucek
41%
Rosja28mln €Golovin
33%
Macedonia
Północna
26mln €Elmas
30%
Szwajcaria38mln €Akanji
26%
Kosowo25mln €Rrahmani
22%
Albania28mln €Broja
19%
Dania45mln €Höjbjerg
19%
Luksemburg14mln €Barreiro
11%
Irlandia30mln €Ferguson
11%
Finlandia5,50mln €Kamara
11%
San Marino150tys €Nanni
11%
Grecja18mln €Tsimikas
11%
Bośnia i
Hercegowina
20mln €Ahmedhodžić
7%
Andora500 tyś €Álvarez
7%
Rumunia8mln €Dragusin | Marin
7%
Estonia1,50mln €Hein
7%
Malta5mln €Teuma
7%
Bułgaria4,50mln €Despodov
4%
Litwa900tyś €Gineitis
4%
Islandia6mln €Haraldsson
4%
Lotwa2,50mln €Krollis
4%
Moldawia4mln €Reabciuk
4%
Liechtenstein300tyś €Büchel
0%
Czarnogóra9mln €Ivanić
0%
Białoruś1,30mln €Lisakovich
0%

Rozkład punktacji

Percentyl według liczby udzielonych odpowiedzi

Procent ludzi z każdym wynikiem

Twoja historia wyników

Nie rozwiązałeś tego quizu